مكتبة جامعة عجلون الوطنية

فهرس بحث المكتبة

Attitudes and Motivation Towards Leaning English Language Among Ajloun National University Students (Record no. 1934)

MARC details
000 -LEADER
fixed length control field 00637nam a2200181Ii 4500
003 - CONTROL NUMBER IDENTIFIER
control field JO-AjNU
008 - FIXED-LENGTH DATA ELEMENTS--GENERAL INFORMATION
fixed length control field 230606s9999||||xx |||||||||||||| ||und||
040 ## - CATALOGING SOURCE
Original cataloging agency JO-AjNU
Language of cataloging eng
Description conventions rda
Transcribing agency JO-AjNU
041 ## - LANGUAGE CODE
Language code of text/sound track or separate title eng
050 14 - LIBRARY OF CONGRESS CALL NUMBER
Classification number PE1128.2015
100 3# - MAIN ENTRY--PERSONAL NAME
Personal name AL-Momaney, Ali Ameen, Wala,a Khalifah Bani- awwad,
Relator term author
9 (RLIN) 3709
245 00 - TITLE STATEMENT
Title Attitudes and Motivation Towards Leaning English Language Among Ajloun National University Students
300 ## - PHYSICAL DESCRIPTION
Extent 29p
336 ## - CONTENT TYPE
Content type term text
Content type code txt
Source rdacontent
337 ## - MEDIA TYPE
Media type term unmediated
Media type code n
Source rdamedia
338 ## - CARRIER TYPE
Carrier type term volume
Carrier type code nc
Source rdacarrier
650 #4 - SUBJECT ADDED ENTRY--TOPICAL TERM
Topical term or geographic name entry element Attitudes and Motivation -- Leaning English Language
9 (RLIN) 3710
Holdings
Withdrawn status Lost status Source of classification or shelving scheme Damaged status Not for loan Home library Current library Shelving location Date acquired Total Checkouts Full call number Barcode Date last seen Price effective from Koha item type
    Library of Congress Classification   Not For Loan مكتبة جامعة عجلون الوطنية مكتبة جامعة عجلون الوطنية المراجع 06/06/2023   PE1128.2015 E1934 06/06/2023 06/06/2023 Reference